000 00563nam a2200229 a 4500
001 nice12345678
003 IN_TiNIC
005 20260116014810.0
008 111021s2011 newa grp 000 0 eng
020 _a9788189524616
_c30
082 0 0 _a320.954
_bSUB
100 _aSubbarao B,
245 _aRegions & Regionalism in India
260 _aNew Delhi
_bCritical Quest
_c2011
300 _a39p
500 _aincludes index and biblioraphy
650 _aPolitics-India
700 1 _aSubbarao B,
902 _bSRS
942 _cBK
999 _c17019
_d17019